[Event "Titled Tuesday intern op 13th Feb Late"]
[Site "Chess.com INT"]
[Date "2024.02.13"]
[Round "5"]
[White "Winkels, Marcel"]
[Black "Clarke, Adani"]
[Result "0-1"]
[WhiteElo "1896"]
[BlackElo "1842"]
[PlyCount "46"]
[EventDate "2024.02.13"]
[EventType "swiss (blitz)"]
[EventRounds "11"]
[EventCountry "USA"]
[SourceTitle "CB08_2024"]
[SourceDate "2024.02.21"]
[SourceVersion "1"]
[SourceVersionDate "2024.02.21"]
[SourceQuality "1"]

1. e4 e6 2. d4 d5 3. Nc3 Nf6 4. Bg5 dxe4 5. Nxe4 Be7 6. Bxf6 gxf6 7. Nf3 f5 8. Nc3 Nc6 9. Bc4 Bf6 10. Qd3 Nxd4 11. 0-0-0 c5 12. Nb5 Nxf3 13. Qxf3 Bg5+ 14. Kb1 Qb6 15. Nd6+ Ke7 16. Rhe1 Kf8 17. g4 Be7 18. Nxc8 Rxc8 19. gxf5 exf5 20. Qxf5 Bf6 21. Qxc8+ Kg7 22. Qg4+ Kf8 23. Rd7 Qxb2# 0-1

[Event "Titled Tuesday intern op 06th Feb Late"]
[Site "Chess.com INT"]
[Date "2024.02.06"]
[Round "3"]
[White "Li, Hui"]
[Black "Winkels, Marcel"]
[Result "1-0"]
[WhiteElo "1991"]
[BlackElo "1896"]
[PlyCount "125"]
[EventDate "2024.02.06"]
[EventType "swiss (blitz)"]
[EventRounds "11"]
[EventCountry "USA"]
[SourceTitle "CB07_2024"]
[SourceDate "2024.02.14"]
[SourceVersion "1"]
[SourceVersionDate "2024.02.14"]
[SourceQuality "1"]

1. e4 c5 2. Nf3 d6 3. d4 cxd4 4. Nxd4 Nf6 5. Nc3 a6 6. Be2 e5 7. Nb3 Be7 8. 0-0 0-0 9. Be3 Be6 10. Qd2 Nbd7 11. a4 Rc8 12. a5 Nc5 13. Nxc5 dxc5 14. Rfd1 Qxd2 15. Rxd2 Rfd8 16. Rxd8+ Rxd8 17. f3 Kf8 18. Na4 Nd7 19. b3 Ke8 20. Kf1 Rc8 21. Nb2 Bd8 22. Bc4 Ke7 23. Bxe6 Kxe6 24. Nc4 f6 25. Ke2 Ke7 26. Bd2 Nf8 27. Be3 Ne6 28. c3 Bc7 29. Rd1 Rd8 30. Rxd8 Kxd8 31. Kd3 Kd7 32. g3 Kc6 33. b4 Kb5 34. Na3+ Ka4 35. Nc2 Kb5 36. c4+ Kc6 37. Kc3 cxb4+ 38. Kxb4 Bd6+ 39. Kb3 Bc5 40. Bd2 Bg1 41. h3 Bf2 42. g4 g6 43. Nb4+ Kd7 44. Nd5 f5 45. Nf6+ Ke7 46. Nxh7 fxe4 47. fxe4 Nc5+ 48. Kc2 Nxe4 49. Ng5 Nxg5 50. Bxg5+ Ke6 51. Kd3 Be1 52. Bd8 Kd7 53. Bb6 Ke6 54. Ke4 Bd2 55. h4 Bc1 56. h5 gxh5 57. gxh5 Bh6 58. Be3 Bg7 59. h6 Bh8 60. Bg5 Kd6 61. h7 Kc5 62. Kf5 Kxc4 63. Bf6 1-0

[Event "Titled Tuesday intern op 06th Feb Late"]
[Site "Chess.com INT"]
[Date "2024.02.06"]
[Round "5"]
[White "Winkels, Marcel"]
[Black "Serra Canals, Oriol"]
[Result "1-0"]
[WhiteElo "1896"]
[BlackElo "2155"]
[PlyCount "54"]
[EventDate "2024.02.06"]
[EventType "swiss (blitz)"]
[EventRounds "11"]
[EventCountry "USA"]
[SourceTitle "CB07_2024"]
[SourceDate "2024.02.14"]
[SourceVersion "1"]
[SourceVersionDate "2024.02.14"]
[SourceQuality "1"]

1. e4 c5 2. Nf3 Nc6 3. b4 Nxb4 4. c3 Nc6 5. d4 cxd4 6. cxd4 d5 7. exd5 Qxd5 8. Nc3 Qd6 9. Nb5 Qb8 10. d5 Ne5 11. Bf4 Nd3+ 12. Bxd3 Qxf4 13. Rc1 Kd8 14. 0-0 Nf6 15. g3 Qg4 16. Be2 Qh3 17. Ne5 Bd7 18. Nxf7+ Ke8 19. Nxh8 Rb8 20. d6 exd6 21. Nxd6+ Bxd6 22. Qxd6 Rc8 23. Rxc8+ Bxc8 24. Re1 Bd7 25. Bg4+ Kd8 26. Bxh3 Ne8 27. Qe7+ Kc8 1-0

[Event "Titled Tuesday intern op 23rd Jan Late"]
[Site "Chess.com INT"]
[Date "2024.01.23"]
[Round "4"]
[White "Golubenko, Valentina"]
[Black "Winkels, Marcel"]
[Result "1-0"]
[WhiteElo "2209"]
[BlackElo "1901"]
[PlyCount "75"]
[EventDate "2024.01.23"]
[EventType "swiss (blitz)"]
[EventRounds "11"]
[EventCountry "USA"]
[SourceTitle "CB05_2024"]
[SourceDate "2024.01.31"]
[SourceVersion "1"]
[SourceVersionDate "2024.01.31"]
[SourceQuality "1"]

1. d4 d6 2. g3 Nf6 3. Bg2 g6 4. c4 Bg7 5. Nc3 0-0 6. e4 Nbd7 7. Nf3 e5 8. 0-0 a6 9. h3 exd4 10. Nxd4 Re8 11. Re1 Nc5 12. Nc2 Rb8 13. Rb1 b5 14. b4 Ne6 15. cxb5 axb5 16. Nd5 Nxd5 17. exd5 Nf8 18. Be3 Bf5 19. Rb3 Nd7 20. Nd4 Qf6 21. Nc6 Rbc8 22. Bd4 Qg5 23. h4 Qh6 24. Ne7+ Rxe7 25. Rxe7 Ne5 26. Rc3 Bf6 27. Rexc7 Rd8 28. Be3 Qg7 29. Ra3 Nc4 30. Raa7 Nxe3 31. fxe3 Qh6 32. Qe2 Re8 33. Ra3 Bd4 34. Kh2 Rxe3 35. Rxe3 Bxe3 36. Qxb5 g5 37. Qe8+ Qf8 38. Qxe3 1-0